00306nam a2200121Ia 45000030006000000080041000060400015000471000043000622450041001052600009001465460012001550050017001670STCL150530s9999 xx 000 0 und d aSTCLcSTCL aSingh, P.R.; Gupta, D.S.; Bajpai, K.S. aExperimental organic Chemistry vol-1 c1980 aEnglish20220125170246.0